Prázdniny pre Rachel (Record no. 22116)
[ view plain ]
| 000 -LEADER | |
|---|---|
| fixed length control field | 01491cam a2200397 a 4500 |
| 001 - CONTROL NUMBER | |
| control field | 22116 |
| 003 - CONTROL NUMBER IDENTIFIER | |
| control field | VRT |
| 005 - DATE AND TIME OF LATEST TRANSACTION | |
| control field | 20260320110859.0 |
| 008 - FIXED-LENGTH DATA ELEMENTS--GENERAL INFORMATION | |
| fixed length control field | 180601s2014 xo g 000 f slo |
| 015 ## - NATIONAL BIBLIOGRAPHY NUMBER | |
| National bibliography number | SNBA2014/08 |
| 020 ## - INTERNATIONAL STANDARD BOOK NUMBER | |
| International Standard Book Number | 9788055610962 |
| Qualifying information | (brož.) |
| 035 ## - SYSTEM CONTROL NUMBER | |
| System control number | 9C6A7B12-53FB-47A3-B1C6-D4F7530ADE85 |
| 035 ## - SYSTEM CONTROL NUMBER | |
| System control number | urn:nbn:sk:snk-am3h5me |
| 035 ## - SYSTEM CONTROL NUMBER | |
| System control number | urn:nbn:sk:snk-am008zwj |
| 039 #9 - LEVEL OF BIBLIOGRAPHIC CONTROL AND CODING DETAIL [OBSOLETE] | |
| Level of rules in bibliographic description | 202202271350 |
| Level of effort used to assign nonsubject heading access points | AUTHORITY |
| Level of effort used to assign subject headings | 202202271345 |
| Level of effort used to assign classification | AUTHORITY |
| Level of effort used to assign subject headings | 202202271258 |
| Level of effort used to assign classification | csnk01 |
| Level of effort used to assign subject headings | 202202271041 |
| Level of effort used to assign classification | AUTHORITY |
| 040 ## - CATALOGING SOURCE | |
| Original cataloging agency | SNK |
| Language of cataloging | slo |
| Transcribing agency | SNK |
| Description conventions | AACR2 |
| 041 1# - LANGUAGE CODE | |
| Language code of text/sound track or separate title | slo |
| Language code of original | eng |
| 044 ## - COUNTRY OF PUBLISHING/PRODUCING ENTITY CODE | |
| MARC country code | xo |
| ISO country code | SK |
| 072 #7 - SUBJECT CATEGORY CODE | |
| Subject category code | 821.111-3 |
| Subject category code subdivision | Anglická próza, anglicky písaná |
| Source | konspekt |
| 080 ## - UNIVERSAL DECIMAL CLASSIFICATION NUMBER | |
| Universal Decimal Classification number | 821.111(415)-31 |
| Edition identifier | 2001 |
| 100 1# - MAIN ENTRY--PERSONAL NAME | |
| Personal name | Keyes, Marian, |
| Dates associated with a name | 1963- |
| Relationship | aut |
| 240 10 - UNIFORM TITLE | |
| Uniform title | Rachel's Holiday |
| Language of a work | Slovensky |
| 245 10 - TITLE STATEMENT | |
| Title | Prázdniny pre Rachel |
| Statement of responsibility, etc. | Marian Keyes ; [z anglického originálu ... preložila Diana Ghaniová] |
| 260 ## - PUBLICATION, DISTRIBUTION, ETC. | |
| Place of publication, distribution, etc. | Bratislava |
| Name of publisher, distributor, etc. | Slovart |
| Date of publication, distribution, etc. | 2014 |
| 300 ## - PHYSICAL DESCRIPTION | |
| Extent | 486 s. |
| Dimensions | 20 cm |
| 500 ## - GENERAL NOTE | |
| General note | Pokračovanie bestselleru Melón |
| 655 #7 - INDEX TERM--GENRE/FORM | |
| Genre/form data or focus term | írske romány (anglicky) |
| Source of term | SNKPH |
| 655 #7 - INDEX TERM--GENRE/FORM | |
| Genre/form data or focus term | Irish fiction (English) |
| Source of term | SNKPHeng |
| 700 1# - ADDED ENTRY--PERSONAL NAME | |
| Personal name | Ghaniová, Diana |
| Relationship | trl |
| 942 ## - ADDED ENTRY ELEMENTS (KOHA) | |
| Source of classification or shelving scheme | Dewey Decimal Classification |
| Koha item type | Krásna literatúra pre dospelých |
| Suppress in OPAC | No |
| 949 ## - LOCAL PROCESSING INFORMATION (OCLC) | |
| 6 | 273K0581674 |
| a | svkpoA 223524 |
| b | svkpo579883 |
| 949 ## - LOCAL PROCESSING INFORMATION (OCLC) | |
| 6 | 17A1110587 |
| a | snkSD 82364/2 |
| b | snk2014/12208 |
| o | 1221/14 |
| s | 6100:20140925 |
| 949 ## - LOCAL PROCESSING INFORMATION (OCLC) | |
| 6 | 17A1110588 |
| a | snkSD 82364/2 D1 |
| b | snk2014/12210 |
| o | 1221/14 |
| 949 ## - LOCAL PROCESSING INFORMATION (OCLC) | |
| 6 | 270001000453887 |
| a | svkbbA 141664 |
| b | svkbbm 744969 |
| 949 ## - LOCAL PROCESSING INFORMATION (OCLC) | |
| 6 | 2889210957 |
| a | savukPV 19063 |
| b | savuk2014/1809 |
| Stav vyradenia | Strata | Poškodenie | Spôsob nadobudnutia | Domovská knižnica | Aktuálna knižnica | Dátum nadobudnutia | Total checkouts | Čiarový kód exemplára | Date last seen | Typ exemplára |
|---|---|---|---|---|---|---|---|---|---|---|
| Dar | Obecná knižnica Horná Štubňa | Obecná knižnica Horná Štubňa | 20.03.2026 | 9788055610962 | 20.03.2026 | Krásna literatúra pre dospelých |
